00974nam a2200217 a 450000100100000000500170001000800410002704000130006810000290008124500900011026000350020030000210023550000550025650000590031150400380037004900090040895201100041795201100052795201040063799900150074100000659220200929153946.0090901s2006 dr 001 0 spa d aDO-SdBNP1 aMorillo, Pedro H.91829514aLas realciones domínico-norteamericanas desde Báez a Leonel. /cPedro H. Morillo. aSanto Domingo :bArgos,c2006. a109 p. ;c22 cm. aIncluye datos biográficos del autor en la solapa aIncluye notas bibliográficas al pie de las páginas aIncluye bibliografía (p. 93-95) aBNPD 0010718DSaGRbGRcCTd2009-09-01iLF1l0o p6592-30r2020-06-25te. 3w2020-06-25yLFDSZNo se presta 0010718PDaPDbPDcCTd2009-09-01iLF1l0o p6592-10r2020-06-25te. 2w2020-06-25yLFPDZNo se presta 0010718PDaPDbPDcCTd2009-09-01iLF1l0o p6592-20r2020-06-25w2020-06-25yLFPDZNo se presta c6383d6383